Football: Les Finales des Coupes d'Europe 2022-2023 - Statistiques

Statistiques générales
  • Ce quiz a été pris 406 fois
  • Le résultat moyen est 5 sur 6
Statistiques - réponses
Réponse % Correct
Manchester City
99%
Inter Milan
97%
FC Séville
89%
West Ham United
74%
Fiorentina
68%
AS Rome
59%
Aucun quiz correspondant
Distribution des résultats
% des personnes avec chaque résultat
Percentile par nombre de réponses
Votre historique - résultats
Vous n’avez pas pris ce quiz